000
00270nam a2200121Ia 4500
005
20251222141917.0
008
251222s9999||||xx |||||||||||||| ||spa||
082
_a
268.3/V83
100
_a
Voillaume, René
245
0
_a
Contemplación
264
_b
Paulinas
942
_c
LIB
999
_c
8589
_d
8589